| 000 | 00729nam a2200205Ii 4500 | ||
|---|---|---|---|
| 003 | JO-AjNU | ||
| 008 | 230605s9999||||xx |||||||||||||| ||und|| | ||
| 017 | _a2002/10/2510 | ||
| 040 |
_aJO-AjNU _bara _erda _cJO-AjNU |
||
| 041 | _aara | ||
| 050 | 1 | 4 | _aZ7964.J5.Z38 2003 |
| 100 | 3 |
_aزاش، امل محمد, _eauthor _949162 |
|
| 245 | 0 | 0 | _aالمراة الاردنية ونتاجها الفكري في نصف قرن :دراسة يليومترية |
| 264 | 3 | 1 | _aعمان :المؤلف ،2003 |
| 300 |
_a213ص _bكشاف عناوين |
||
| 336 |
_atext _btxt _2rdacontent |
||
| 337 |
_aunmediated _bn _2rdamedia |
||
| 338 |
_avolume _bnc _2rdacarrier |
||
| 650 | 4 |
_aالمراة-البليوغرافيات -الاردن _949163 |
|
| 999 |
_aA21576 _c25144 _d25144 |
||